| 000 | 00577 a2200157 4500 | ||
|---|---|---|---|
| 999 |
_c4008 _d4008 |
||
| 020 | _a9780140183856 | ||
| 050 | _aPS3545 WIL1959 | ||
| 100 |
_aWilliams, Tennessee _eauthor |
||
| 245 |
_aA streetcar named desire and other plays/ _cTennessee Williams |
||
| 264 |
_aLondon _bPenguin Group _c1959 |
||
| 300 | _a313p. : | ||
| 500 | _aA streetcar named desire and The glass menagerie published together by Penguin, 1959. | ||
| 650 |
_aSweet bird of youth - A streetcar named desire - The glass menagerie. _xDrama |
||
| 700 |
_aBrowne, Martin _eeditor |
||
| 942 |
_2lcc _cBK _h3545 _iWIL _kPS |
||